Guess the Green Day Song #2: Easy - Statistics

General Stats
  • This quiz has been taken 128 times
    116 since last reset
  • The average score is 137 of 257
Answer Stats
lyric % Correct
you
91%
Do
84%
the
83%
The
83%
know
71%
by
62%
When
58%
your
54%
is
51%
an
49%
be
46%
enemy
46%
So
46%
so
46%
to
46%
of
43%
on
43%
in
41%
Well
38%
well
38%
gotta
35%
Oh-eh-oh-eh
35%
Don't
32%
from
32%
energy
30%
rah-eh
30%
up
30%
violence
30%
will
30%
against
29%
been
29%
Bringin'
29%
choir
29%
demons
29%
down
29%
eyes
29%
gimmie
29%
here
29%
soul
29%
blood's
28%
fury
28%
honor
28%
light
28%
obey
28%
Revolt
28%
revolution
28%
sacrificed
28%
Silence
28%
silence
28%
blinded
26%
burnin'
26%
effigy
26%
eternity
26%
infantry
26%
rally
26%
rise
26%
control
25%
foreman
25%
insurgency
25%
majority
25%
Overthrow
25%
Say
25%
urgency
25%
vast
25%
Song: Know Your Enemy
22%
No matching quizzes found
Score Distribution
Percent of People with Each Score
Percentile by Number Answered
Your Score History
You have not taken this quiz since the last reset